000 01734cam a2200385 a 4500
999 _c128978
_d128978
001 12343524
003 ARRUPE
005 20190213100458.0
008 000818s2000 sx ab b f000 0 eng
010 _a 00284890
020 _a9150613359
035 _a(DLC) 00284890
040 _aDLC
_cDLC
_dDLC
042 _alcode
043 _af-sx---
050 0 0 _aSPC. DT1670.K85
_bK56 2000
082 0 0 _a968.81/01
_221
100 1 _aKinahan, Jill
_944592
245 1 0 _aCattle for beads :
_bthe archaeology of historical contact and trade on the Namib coast /
_cJill Kinahan.
260 _aUppsala, Sweden :
_bDept. of Archaeology & Ancient History, University of Uppsala ;
_aWindhoek, Namibia :
_bNamibia Archaeological Trust,
_c2000.
300 _axii, 119 p. :
_bill., (some col.), maps ;
_c30 cm.
440 0 _aStudies in African archaeology,
_x0284-5040 ;
_v17
_944593
500 _a"7 April 2000."
500 _aOriginally presented as the author's thesis (doctoral)--Uppsala University, Uppsala, 2000.
504 _aIncludes bibliographical references (p. 98-107).
650 0 _aExcavations (Archaeology)
_zNamibia
_zKuiseb River Region.
_944594
650 0 _aExcavations (Archaeology)
_zNamibia
_zWalvis Bay Region.
_944595
651 0 _aKuiseb River Region (Namibia)
_xAntiquities.
_944596
651 0 _aWalvis Bay Region (Namibia)
_xAntiquities.
_944597
651 0 _aKuiseb River Region (Namibia)
_xCommerce
_xHistory.
_944598
651 0 _aWalvis Bay Region (Namibia)
_xCommerce
_xHistory.
_944599
906 _a7
_bcbc
_corigode
_d3
_encip
_f20
_gy-gencatlg
942 _2lcc
_cSPC